000 00469 a2200181 4500
001 066869
003 OSt
005 20211020102232.0
008
082 _a004
_bM31C
100 1 _aMano, M. Morris
245 1 _aComputer system architecture
_cby M. Morris Mano
250 _a3rd ed.
260 _aNew Delhi
_bPearson
_c2008
300 _a520p.
690 _aComputer architecture; Electronic digital computers
942 _2ddc
_cBK
999 _c865
_d865